[Event "FRA-ch (Women)"]
[Site "Albi"]
[Date "2022.08.13"]
[Round "1.2"]
[White "Afraoui, Solenn"]
[Black "Navrotescu, Andreea Cristiana"]
[Result "1-0"]
[WhiteElo "1926"]
[BlackElo "2352"]
[PlyCount "127"]
[EventDate "2022.08.12"]
[EventType "k.o."]
[EventRounds "4"]
[EventCountry "FRA"]
[SourceTitle "CBM 209 Extra"]
[Source "ChessBase"]
[SourceDate "2022.09.30"]
[SourceVersion "1"]
[SourceVersionDate "2022.09.30"]
[SourceQuality "1"]

1. Nf3 c5 2. c4 Nc6 3. d3 g6 4. g3 Bg7 5. Nc3 e6 6. Bg2 Nge7 7. 0-0 a6 8. e4 0-0 9. Be3 Nd4 10. Nh4 Rb8 11. f4 d6 12. Qd2 f5 13. Kh1 b5 14. exf5 gxf5 15. Nf3 Nec6 16. cxb5 axb5 17. Bxd4 cxd4 18. Ne2 Qb6 19. Rac1 Ne7 20. Ng5 Bd7 21. Qb4 h6 22. Nh3 Rfc8 23. Qb3 Kh8 24. Nf2 Rc5 25. g4 fxg4 26. Ng3 Rf8 27. Rxc5 Qxc5 28. Nge4 Qh5 29. Ng3 Qh4 30. Nfe4 Nd5 31. f5 Be5 32. fxe6 Rxf1+ 33. Nxf1 Bxe6 34. Qxb5 Ne3 35. Qe8+ Bg8 36. Nfg3 Nf5 37. Kg1 Ng7 38. Qc8 Qe7 39. a4 Qa7 40. Qc6 Qa5 41. Nxd6 Qe1+ 42. Nf1 Bf4 43. Ne4 Be3+ 44. Kh1 Ne6 45. Qb6 h5 46. Qb5 Ng7 47. Qb8 Nf5 48. Qe5+ Ng7 49. Qg3 Qb1 50. Qb8 Qxd3 51. Nf6 Qc4 52. Nxg8 Qxg8 53. Qxg8+ Kxg8 54. Nxe3 dxe3 55. Kg1 Nf5 56. a5 Nd4 57. a6 e2 58. Kf2 Nb5 59. Kxe2 Kf7 60. Kd3 Ke6 61. Kc4 Na7 62. Kc5 Kd7 63. Kb6 Nc8+ 64. Kb7 1-0

[Event "FRA-chT Top 16 Gp Basse"]
[Site "Chartres"]
[Date "2022.06.17"]
[Round "2.3"]
[White "Afraoui, Solenn"]
[Black "Ruhlmann, Helene"]
[Result "1-0"]
[WhiteElo "1945"]
[BlackElo "1787"]
[PlyCount "75"]
[EventDate "2022.06.16"]
[EventType "team-tourn"]
[EventRounds "4"]
[EventCountry "FRA"]
[SourceTitle "CBM 208 Extra"]
[Source "ChessBase"]
[SourceDate "2022.07.31"]
[SourceVersion "1"]
[SourceVersionDate "2022.07.31"]
[SourceQuality "1"]
[WhiteTeam "US Villejuif Echecs"]
[BlackTeam "Echiquier de l'Erdre"]
[WhiteTeamCountry "FRA"]
[BlackTeamCountry "FRA"]

1. e4 c5 2. Nf3 d6 3. d4 cxd4 4. Nxd4 Nf6 5. Nc3 a6 6. g3 e5 7. Nb3 Be7 8. a4 Nc6 9. Bg2 Nb4 10. 0-0 Bg4 11. f3 Be6 12. f4 Qb6+ 13. Kh1 Rc8 14. a5 Qa7 15. Ra4 Bxb3 16. cxb3 Nc6 17. Re1 b5 18. axb6 Qxb6 19. Be3 Qb7 20. Nd5 Nxd5 21. Qxd5 0-0 22. Rc1 Qb5 23. Bf1 Qxd5 24. exd5 Nd4 25. Rxc8 Rxc8 26. Bc4 Rb8 27. fxe5 dxe5 28. Rxa6 Nc2 29. Ba7 Rd8 30. Bb6 Rc8 31. Ra7 Bf8 32. Bc7 Bc5 33. Rb7 Nd4 34. d6 Nc6 35. Bd5 Nd8 36. d7 Ra8 37. Rb5 Ra1+ 38. Kg2 1-0

[Event "FRA-chT Top 16 GpA"]
[Site "Chartres"]
[Date "2022.06.12"]
[Round "4.4"]
[White "Afraoui, Solenn"]
[Black "Tomasi, Elise"]
[Result "0-1"]
[WhiteElo "1945"]
[BlackElo "2019"]
[PlyCount "70"]
[EventDate "2022.06.09"]
[EventType "team-tourn"]
[EventRounds "7"]
[EventCountry "FRA"]
[SourceTitle "CBM 208 Extra"]
[Source "ChessBase"]
[SourceDate "2022.07.31"]
[SourceVersion "1"]
[SourceVersionDate "2022.07.31"]
[SourceQuality "1"]
[WhiteTeam "US Villejuif Echecs"]
[BlackTeam "Chartres"]
[WhiteTeamCountry "FRA"]
[BlackTeamCountry "FRA"]

1. Nf3 d5 2. g3 Nf6 3. Bg2 e6 4. 0-0 Be7 5. c4 d4 6. b4 c5 7. Bb2 0-0 8. d3 Nc6 9. b5 Nb8 10. a4 a6 11. bxa6 Rxa6 12. Na3 Nc6 13. Nb5 e5 14. Nd2 Bf5 15. Qc2 Qd7 16. Rfb1 Bh3 17. Bh1 Ng4 18. Ba3 f5 19. Bf3 Kh8 20. Nb3 b6 21. Bc1 Nb4 22. Qd1 e4 23. Bg2 Bxg2 24. Kxg2 exd3 25. exd3 Ne5 26. a5 Qb7+ 27. f3 Nbxd3 28. Bd2 Nxc4 29. axb6 Rxa1 30. Nxa1 Nde5 31. Bf4 Ra8 32. Qe2 d3 33. Qf2 Nxf3 34. Nc3 Nfd2+ 35. Kh3 Nxb1 0-1

[Event "Limoges University-ch"]
[Site "Limoges"]
[Date "2022.02.05"]
[Round "2"]
[White "Gatineau, Yovann"]
[Black "Afraoui, Solenn"]
[Result "1-0"]
[WhiteElo "2384"]
[BlackElo "1913"]
[PlyCount "59"]
[EventDate "2022.02.05"]
[EventType "swiss"]
[EventRounds "9"]
[EventCountry "FRA"]
[SourceTitle "EXT 2023"]
[Source "ChessBase"]
[SourceDate "2022.10.05"]
[SourceVersion "1"]
[SourceVersionDate "2022.10.05"]
[SourceQuality "1"]

1. d4 Nf6 2. Bf4 e6 3. e3 c5 4. Nd2 b6 5. Ngf3 Bb7 6. Bd3 cxd4 7. exd4 Be7 8. h3 d6 9. c3 0-0 10. Qe2 Nbd7 11. 0-0 Re8 12. Rfe1 Bf8 13. Rad1 e5 14. dxe5 dxe5 15. Bg5 h6 16. Bxf6 Qxf6 17. Ne4 Qc6 18. Bb5 Qxe4 19. Qxe4 Bxe4 20. Rxe4 Nf6 21. Bxe8 Nxe4 22. Bc6 Nxc3 23. bxc3 Rc8 24. Bd5 Rxc3 25. Nxe5 g6 26. Bxf7+ Kg7 27. Bb3 Bc5 28. Kh2 Bxf2 29. Rd7+ Kf8 30. Rf7+ 1-0

[Event "Cappelle Online Blitz op"]
[Site "Europe Echecs INT"]
[Date "2022.01.09"]
[Round "3"]
[White "Gourarier, Emmanuel"]
[Black "Afraoui, Solenn"]
[Result "0-1"]
[WhiteElo "1463"]
[BlackElo "1913"]
[PlyCount "92"]
[EventDate "2022.01.09"]
[EventType "swiss (blitz)"]
[EventRounds "11"]
[EventCountry "FRA"]
[SourceTitle "EXT 2023"]
[Source "ChessBase"]
[SourceDate "2022.10.05"]
[SourceVersion "1"]
[SourceVersionDate "2022.10.05"]
[SourceQuality "1"]

1. e4 c5 2. Nf3 d6 3. d4 cxd4 4. Nxd4 Nf6 5. Nc3 a6 6. g3 e5 7. Nde2 Be6 8. Bg2 Be7 9. 0-0 0-0 10. f4 Qb6+ 11. Kh1 Ng4 12. Qe1 Ne3 13. Bxe3 Qxe3 14. fxe5 dxe5 15. Nd5 Bxd5 16. exd5 Bd6 17. c4 b5 18. b3 bxc4 19. bxc4 Nd7 20. Nc3 Qxe1 21. Raxe1 f5 22. Re2 Rac8 23. c5 Rxc5 24. Na4 Ra5 25. Nc3 g6 26. Rb1 Rb8 27. Rxb8+ Nxb8 28. Rb2 Rc5 29. Na4 Rc1+ 30. Bf1 Rxf1+ 31. Kg2 Rd1 32. Nb6 Rc1 33. Nd7 Nxd7 34. Rb7 Nc5 35. Ra7 Rc2+ 36. Kh3 Rxa2 37. Ra8+ Kf7 38. Ra7+ Kf6 39. Rxh7 Rd2 40. Rh8 Rxd5 41. Rd8 a5 42. Ra8 a4 43. g4 f4 44. Kh4 g5+ 45. Kh5 Rd2 46. Ra5 Rxh2# 0-1

[Event "FRA-chT Top 12"]
[Site "Chalons en Champagne"]
[Date "2021.07.03"]
[Round "10.2"]
[White "Broly, Mathilde"]
[Black "Afraoui, Solenn"]
[Result "1-0"]
[WhiteElo "2150"]
[BlackElo "1889"]
[PlyCount "91"]
[EventDate "2021.06.24"]
[EventType "team-tourn"]
[EventRounds "11"]
[EventCountry "FRA"]
[SourceTitle "CBM 203 Extra"]
[Source "ChessBase"]
[SourceDate "2021.09.30"]
[SourceVersion "1"]
[SourceVersionDate "2021.09.30"]
[SourceQuality "1"]
[WhiteTeam "Asnieres"]
[BlackTeam "Villejuif"]
[WhiteTeamCountry "FRA"]
[BlackTeamCountry "FRA"]

1. e4 c5 2. Nf3 d6 3. d4 cxd4 4. Nxd4 Nf6 5. Nc3 a6 6. Bc4 e6 7. Bb3 b5 8. 0-0 Bb7 9. Bxe6 fxe6 10. Nxe6 Qd7 11. Nd5 Bxd5 12. exd5 Kf7 13. Bg5 Be7 14. Qf3 Rc8 15. Rae1 a5 16. Re3 Na6 17. Qf5 Kg8 18. Nxg7 Qxf5 19. Nxf5 Bd8 20. Bh6 Nh5 21. Re8+ Kf7 22. Nxd6+ Kg6 23. Re6+ Nf6 24. Nxc8 Rxc8 25. Rxa6 Kxh6 26. Rc6 Rb8 27. Rd1 Kg7 28. g3 Ne4 29. f3 Ng5 30. Kg2 Bf6 31. b3 Re8 32. Rd2 Re3 33. Rf2 Re1 34. h4 Nf7 35. f4 Bd4 36. Rd2 Be3 37. Rd3 Ba7 38. d6 Rg1+ 39. Kf3 Rf1+ 40. Ke4 Re1+ 41. Kd5 Bf2 42. Rc8 Kf6 43. Kc6 Re6 44. h5 b4 45. g4 h6 46. Rg8 1-0

[Event "FRA-chT Top 12"]
[Site "Chalons en Champagne"]
[Date "2021.07.02"]
[Round "9.2"]
[White "Afraoui, Solenn"]
[Black "Alexieva, Silvia"]
[Result "1-0"]
[WhiteElo "1889"]
[BlackElo "2271"]
[PlyCount "117"]
[EventDate "2021.06.24"]
[EventType "team-tourn"]
[EventRounds "11"]
[EventCountry "FRA"]
[SourceTitle "CBM 203 Extra"]
[Source "ChessBase"]
[SourceDate "2021.09.30"]
[SourceVersion "1"]
[SourceVersionDate "2021.09.30"]
[SourceQuality "1"]
[WhiteTeam "Villejuif"]
[BlackTeam "Chalons en Champagne"]
[WhiteTeamCountry "FRA"]
[BlackTeamCountry "FRA"]

1. e4 c5 2. Nf3 d6 3. d4 cxd4 4. Nxd4 Nf6 5. Nc3 g6 6. g3 Nc6 7. Nde2 Bd7 8. Bg2 Qc8 9. h3 Bg7 10. Be3 0-0 11. a4 a5 12. f4 Rd8 13. Bb6 Re8 14. Nd5 Ra6 15. Bf2 e5 16. Nb6 Qd8 17. Nxd7 Qxd7 18. f5 gxf5 19. exf5 e4 20. 0-0 d5 21. g4 e3 22. Bh4 Ne4 23. f6 Bf8 24. Rf5 d4 25. Rh5 Nb4 26. c3 Nf2 27. Qb1 Nbd3 28. Bxf2 exf2+ 29. Kf1 dxc3 30. Rd5 Qe6 31. Qxd3 cxb2 32. Rd1 Qxf6 33. Rf5 Rd6 34. Bd5 Rxd5 35. Qxd5 Rd8 36. Rxf6 Rxd5 37. Rb1 Rd3 38. Rxf2 Bg7 39. Nf4 Ra3 40. Kg2 Rxa4 41. Nh5 Bd4 42. Rfxb2 Bxb2 43. Rxb2 f5 44. Rxb7 fxg4 45. Nf6+ Kf8 46. Nxh7+ Ke8 47. Nf6+ Kf8 48. hxg4 Rf4 49. g5 Rf5 50. Kh3 a4 51. Ra7 a3 52. Rxa3 Kf7 53. Kg4 Rf1 54. Nd5 Rd1 55. Nf4 Rb1 56. Ra7+ Kg8 57. Kf5 Rb8 58. Ne6 Kh8 59. Rd7 1-0

[Event "FRA-chT Top 12"]
[Site "Chalons en Champagne"]
[Date "2021.06.29"]
[Round "6.2"]
[White "Gennesseaux, Gabrielle"]
[Black "Afraoui, Solenn"]
[Result "1/2-1/2"]
[WhiteElo "1799"]
[BlackElo "1889"]
[PlyCount "175"]
[EventDate "2021.06.24"]
[EventType "team-tourn"]
[EventRounds "11"]
[EventCountry "FRA"]
[SourceTitle "CBM 203 Extra"]
[Source "ChessBase"]
[SourceDate "2021.09.30"]
[SourceVersion "1"]
[SourceVersionDate "2021.09.30"]
[SourceQuality "1"]
[WhiteTeam "Agenais Echiquier"]
[BlackTeam "Villejuif"]
[WhiteTeamCountry "FRA"]
[BlackTeamCountry "FRA"]

1. e4 c5 2. Nf3 a6 3. d4 cxd4 4. Nxd4 Nf6 5. Nc3 d6 6. Be2 e6 7. 0-0 Be7 8. Be3 0-0 9. Bf3 Nbd7 10. a4 Qc7 11. Nb3 Ne5 12. Be2 b6 13. f3 Bb7 14. Qd4 Ned7 15. Rad1 d5 16. exd5 Bxd5 17. Kh1 Rfd8 18. Qh4 Nf8 19. Qf2 N8d7 20. Bd3 Bd6 21. Qh4 Bb7 22. Bg5 h6 23. Bc1 Be5 24. Ne2 Nd5 25. c3 Bf6 26. Qh3 Ne5 27. Be4 Nc4 28. Bxd5 Bxd5 29. Nbd4 Nd6 30. Ng3 Bc4 31. Rfe1 e5 32. Ndf5 Nxf5 33. Qxf5 Be6 34. Qh5 Rxd1 35. Rxd1 Rd8 36. Re1 Kh7 37. Ne4 Be7 38. g4 Bd5 39. g5 Bxe4 40. fxe4 Qc4 41. gxh6 g6 42. Qxe5 Bf8 43. Qf4 Qb3 44. Qg4 Qxa4 45. Rf1 Qc4 46. Qf3 Rd7 47. Be3 b5 48. Bd4 Qe6 49. Qg3 Qxe4+ 50. Kg1 Bxh6 51. Re1 Qf4 52. Qh3 Qg5+ 53. Kh1 Re7 54. Rf1 Qd5+ 55. Kg1 Qe6 56. Qf3 Kg8 57. Bf6 Qe3+ 58. Kg2 Qxf3+ 59. Rxf3 Rd7 60. b3 Bg7 61. Bxg7 Kxg7 62. c4 bxc4 63. bxc4 Rd2+ 64. Kg3 Rc2 65. Ra3 Rxc4 66. Rxa6 Kh6 67. Rf6 Kg7 68. Ra6 f5 69. Ra7+ Kf6 70. Ra6+ Kg5 71. Ra3 Rd4 72. Kf3 Rh4 73. Kg3 f4+ 74. Kg2 Rg4+ 75. Kf2 Kh5 76. Ra8 g5 77. Rh8+ Kg6 78. Kf3 Rg1 79. Kf2 Ra1 80. Kf3 Ra4 81. Rg8+ Kf6 82. Rf8+ Kg7 83. Rf5 Kg6 84. Rf8 Ra7 85. Rg8+ Rg7 86. Rxg7+ Kxg7 87. h4 gxh4 88. Kxf4 1/2-1/2

[Event "C'Chartres Blitz op April"]
[Site "Europe Echecs INT"]
[Date "2021.04.10"]
[Round "8"]
[White "Baba, Masahiro"]
[Black "Afraoui, Solenn"]
[Result "1/2-1/2"]
[WhiteElo "2274"]
[BlackElo "1889"]
[PlyCount "120"]
[EventDate "2021.04.10"]
[EventType "swiss (blitz)"]
[EventRounds "11"]
[EventCountry "FRA"]
[SourceTitle "CBM 201 Extra"]
[Source "ChessBase"]
[SourceDate "2021.05.31"]
[SourceVersion "1"]
[SourceVersionDate "2021.05.31"]
[SourceQuality "1"]

1. e4 c5 2. Nf3 d6 3. d4 cxd4 4. Nxd4 Nf6 5. Nc3 a6 6. Bg5 Nbd7 7. f4 Qc7 8. Qe2 e5 9. Nf5 b5 10. 0-0-0 Bb7 11. Bxf6 Nxf6 12. Nd5 Bxd5 13. exd5 g6 14. fxe5 dxe5 15. d6 Qc5 16. d7+ Nxd7 17. Ng3 Bg7 18. Ne4 Qc6 19. Nd6+ Ke7 20. Qf2 f5 21. Be2 Nc5 22. Bf3 e4 23. Rhe1 Ne6 24. Nxe4 fxe4 25. Bxe4 Qc4 26. Bxa8 Qxa2 27. Qa7+ Kf6 28. Bd5 Qa1+ 29. Kd2 Bh6+ 30. Ke2 Qxb2 31. Qf2+ Nf4+ 32. Kf1 Qc3 33. Re6+ Kf5 34. g4+ Kxg4 35. Re3 Qc7 36. Rg3+ Kf5 37. Re1 Rd8 38. Be4+ Kf6 39. Rf3 Qc4+ 40. Kg1 Qd4 41. Rf1 Qxf2+ 42. R1xf2 g5 43. h4 Rd1+ 44. Kh2 Ke5 45. Bd3 Nxd3 46. cxd3 g4 47. Rf5+ Kd4 48. Rf6 Be3 49. Ra2 Rd2+ 50. Rxd2 Bxd2 51. Rxa6 Kxd3 52. Rb6 b4 53. h5 h6 54. Kg3 Kc2 55. Kxg4 b3 56. Kf3 b2 57. Kg2 b1Q 58. Rxb1 Kxb1 59. Kh1 Bg5 60. Kg2 Kc2 1/2-1/2

[Event "Cappelle Online Blitz op"]
[Site "Europe Echecs INT"]
[Date "2021.03.07"]
[Round "7"]
[White "Afraoui, Solenn"]
[Black "Godart, Francois"]
[Result "0-1"]
[WhiteElo "1889"]
[BlackElo "2422"]
[PlyCount "88"]
[EventDate "2021.03.07"]
[EventType "swiss (blitz)"]
[EventRounds "11"]
[EventCountry "FRA"]
[SourceTitle "CBM 201 Extra"]
[Source "ChessBase"]
[SourceDate "2021.05.31"]
[SourceVersion "1"]
[SourceVersionDate "2021.05.31"]
[SourceQuality "1"]

1. e4 e5 2. Nf3 d5 3. Nxe5 Bd6 4. d4 dxe4 5. Nc3 Bxe5 6. dxe5 Qxd1+ 7. Kxd1 Bf5 8. Bc4 Nc6 9. Bb5 0-0-0+ 10. Ke2 Nxe5 11. Bf4 Ng6 12. Bg3 Nf6 13. Bc4 Rd7 14. Rad1 Rhd8 15. Rxd7 Rxd7 16. Rd1 Bg4+ 17. f3 exf3+ 18. gxf3 Rxd1 19. Nxd1 Be6 20. Bxe6+ fxe6 21. Ne3 Nd5 22. Nc4 b5 23. Na3 b4 24. Nc4 Kd7 25. Nd2 h5 26. Bf2 a5 27. Nc4 a4 28. Be1 c5 29. Ne3 Kc6 30. Kd3 Ngf4+ 31. Ke4 Nxe3 32. Kxe3 Nd5+ 33. Ke4 a3 34. bxa3 bxa3 35. Ba5 Nb4 36. Bxb4 cxb4 37. Ke5 Kd7 38. Kd4 g5 39. Kc4 e5 40. Kxb4 e4 41. fxe4 g4 42. Kc3 h4 43. Kd2 g3 44. hxg3 h3 0-1

[Event "Cappelle Online Blitz op"]
[Site "Europe Echecs INT"]
[Date "2021.03.07"]
[Round "9"]
[White "Afraoui, Solenn"]
[Black "Thieuleux, Thomas"]
[Result "1-0"]
[WhiteElo "1889"]
[BlackElo "1329"]
[PlyCount "129"]
[EventDate "2021.03.07"]
[EventType "swiss (blitz)"]
[EventRounds "11"]
[EventCountry "FRA"]
[SourceTitle "CBM 201 Extra"]
[Source "ChessBase"]
[SourceDate "2021.05.31"]
[SourceVersion "1"]
[SourceVersionDate "2021.05.31"]
[SourceQuality "1"]

1. e4 c6 2. d4 d5 3. exd5 cxd5 4. Bd3 Nf6 5. c3 e6 6. Bf4 Bd6 7. Bxd6 Qxd6 8. Nf3 0-0 9. 0-0 a6 10. Nbd2 b5 11. Qc2 Nbd7 12. Rae1 Re8 13. Ne5 Nf8 14. f4 Bb7 15. Ndf3 N6d7 16. Ng5 g6 17. Ngxf7 Qe7 18. Ng5 Nxe5 19. Rxe5 Rac8 20. Rfe1 Qc7 21. Qf2 Qg7 22. Nxe6 Nxe6 23. Rxe6 Rxe6 24. Rxe6 b4 25. Qe2 bxc3 26. bxc3 Qh6 27. Re8+ Rxe8 28. Qxe8+ Qf8 29. Qxf8+ Kxf8 30. Kf2 Ke7 31. Ke3 Ke6 32. g3 Kf6 33. c4 dxc4 34. Bxc4 Ke7 35. Bd3 Kd6 36. Be4 Bc8 37. Kd3 a5 38. a3 Ba6+ 39. Kc3 Bb5 40. g4 Ke6 41. f5+ gxf5 42. Bxf5+ Kf6 43. Bxh7 Kg5 44. Bf5 Kf6 45. h4 Kg7 46. d5 Kf7 47. Kd4 Ke7 48. Kc5 Ba4 49. d6+ Kd8 50. d7 Ke7 51. Kb6 Bxd7 52. Bxd7 Kxd7 53. Kxa5 Ke7 54. h5 Kf7 55. Kb6 Kg7 56. a4 Kh6 57. a5 Kh7 58. a6 Kh6 59. a7 Kh7 60. a8Q Kh6 61. Qc6+ Kh7 62. Qg6+ Kh8 63. Qg5 Kh7 64. h6 Kh8 65. Qg7# 1-0

[Event "Cappelle Online Blitz op"]
[Site "Europe Echecs INT"]
[Date "2021.03.07"]
[Round "10"]
[White "Soubirou, Oriane"]
[Black "Afraoui, Solenn"]
[Result "1-0"]
[WhiteElo "2116"]
[BlackElo "1889"]
[PlyCount "133"]
[EventDate "2021.03.07"]
[EventType "swiss (blitz)"]
[EventRounds "11"]
[EventCountry "FRA"]
[SourceTitle "CBM 201 Extra"]
[Source "ChessBase"]
[SourceDate "2021.05.31"]
[SourceVersion "1"]
[SourceVersionDate "2021.05.31"]
[SourceQuality "1"]

1. e4 c5 2. Nf3 d6 3. d4 cxd4 4. Nxd4 Nf6 5. f3 a6 6. c4 g6 7. Nc3 Bg7 8. Be3 0-0 9. Be2 Nc6 10. Nc2 Nd7 11. 0-0 a5 12. Qd2 Re8 13. Rac1 Nc5 14. Rfd1 Qc7 15. Nd5 Qb8 16. b3 Be6 17. Kh1 Bxd5 18. cxd5 Ne5 19. Na3 b6 20. Bb5 Rc8 21. Qe2 Qb7 22. f4 Ned7 23. Bc6 Rxc6 24. dxc6 Qxc6 25. Bd4 Qxe4 26. Qxe4 Nxe4 27. Kg1 Ndc5 28. Nc4 Rb8 29. Be3 Bf6 30. g3 Kg7 31. Kg2 Nc3 32. Rd2 N3e4 33. Rdc2 Ra8 34. Nxb6 Rb8 35. Nd5 e6 36. Nxf6 Kxf6 37. Kf3 Ke7 38. Rc4 f5 39. g4 Rb7 40. gxf5 gxf5 41. h4 Kf6 42. Bd4+ Kf7 43. Rg1 Kf8 44. Ke2 Rc7 45. h5 Rb7 46. h6 Re7 47. Rg7 Rxg7 48. hxg7+ Kf7 49. a3 e5 50. fxe5 dxe5 51. Bxc5 Ng3+ 52. Kf3 f4 53. Bf2 Nf5 54. Rc7+ Kg8 55. Ke4 Nxg7 56. Kxe5 Ne8 57. Rc8 Kf8 58. Kxf4 h5 59. Bc5+ Kf7 60. Kg5 Ng7 61. Rc7+ Kg8 62. Kh4 Ne6 63. Rc8+ Kf7 64. Kxh5 Ng7+ 65. Kg4 Ne6 66. b4 axb4 67. axb4 1-0

[Event "Cappelle Online Bullet op"]
[Site "Europe Echecs INT"]
[Date "2021.03.05"]
[Round "2"]
[White "Afraoui, Solenn"]
[Black "Roumegous, Adrien"]
[Result "1-0"]
[WhiteElo "1889"]
[BlackElo "1330"]
[PlyCount "55"]
[EventDate "2021.03.05"]
[EventType "swiss (blitz)"]
[EventRounds "15"]
[EventCountry "FRA"]
[SourceTitle "EXT 2022"]
[Source "ChessBase"]
[SourceDate "2021.10.06"]
[SourceVersion "1"]
[SourceVersionDate "2021.10.06"]
[SourceQuality "1"]

1. e4 e5 2. Nf3 Nc6 3. Nc3 Nf6 4. g3 Be7 5. Bg2 0-0 6. 0-0 d5 7. exd5 Nxd5 8. Re1 Nxc3 9. bxc3 f6 10. d3 Be6 11. h3 Qd7 12. Kh2 g5 13. Nd2 a6 14. Ne4 Rad8 15. Qe2 h5 16. Be3 Kg7 17. Nc5 Bxc5 18. Bxc5 b6 19. Bxf8+ Rxf8 20. Rad1 h4 21. g4 f5 22. gxf5 Bxf5 23. Qh5 Kf6 24. Qh6+ Ke7 25. Qxg5+ Ke8 26. d4 e4 27. Bxe4 Ne7 28. Qh5+ 1-0

[Event "Cappelle Online Bullet op"]
[Site "Europe Echecs INT"]
[Date "2021.03.05"]
[Round "10"]
[White "Mallevaey, Armand"]
[Black "Afraoui, Solenn"]
[Result "0-1"]
[WhiteElo "1692"]
[BlackElo "1889"]
[PlyCount "58"]
[EventDate "2021.03.05"]
[EventType "swiss (blitz)"]
[EventRounds "15"]
[EventCountry "FRA"]
[SourceTitle "EXT 2022"]
[Source "ChessBase"]
[SourceDate "2021.10.06"]
[SourceVersion "1"]
[SourceVersionDate "2021.10.06"]
[SourceQuality "1"]

1. e4 c5 2. d4 cxd4 3. c3 d3 4. Bxd3 d6 5. Nf3 g6 6. 0-0 Bg7 7. Qe2 Nf6 8. Bc4 0-0 9. Bg5 Nbd7 10. Nbd2 a6 11. Bb3 b5 12. Nd4 Bb7 13. Rfd1 Qc7 14. Re1 Rac8 15. Rad1 Ne5 16. f4 Ned7 17. Bxf6 Bxf6 18. N4f3 Nc5 19. Bc2 Bg7 20. Nb3 Rfd8 21. Nxc5 dxc5 22. e5 c4 23. Rxd8+ Rxd8 24. Rd1 Rxd1+ 25. Bxd1 Qc6 26. g3 h6 27. Kf2 Bf8 28. Bc2 e6 29. Be4 Bc5+ 0-1

[Event "Cappelle Online Bullet op"]
[Site "Europe Echecs INT"]
[Date "2021.03.05"]
[Round "3"]
[White "Ternault, Mathieu"]
[Black "Afraoui, Solenn"]
[Result "1/2-1/2"]
[WhiteElo "2324"]
[BlackElo "1889"]
[PlyCount "100"]
[EventDate "2021.03.05"]
[EventType "swiss (blitz)"]
[EventRounds "15"]
[EventCountry "FRA"]
[SourceTitle "EXT 2022"]
[Source "ChessBase"]
[SourceDate "2021.10.06"]
[SourceVersion "1"]
[SourceVersionDate "2021.10.06"]
[SourceQuality "1"]

1. b3 Nf6 2. Bb2 d6 3. Nf3 e5 4. d4 Be6 5. dxe5 dxe5 6. Qxd8+ Kxd8 7. Nxe5 Ke8 8. e3 Bd6 9. Nd2 Nbd7 10. Ndc4 Nxe5 11. Nxe5 Bxe5 12. Bxe5 Ke7 13. c4 c6 14. f3 Rhd8 15. Rd1 Rxd1+ 16. Kxd1 Rd8+ 17. Kc2 Nd7 18. Bc3 f6 19. Bd3 Nc5 20. Rd1 Nxd3 21. Rxd3 Bf5 22. e4 Rxd3 23. Kxd3 Be6 24. f4 Kd6 25. h3 Bf7 26. g4 b6 27. e5+ fxe5 28. Bxe5+ Kd7 29. Bxg7 Be6 30. Be5 Bf7 31. Ke4 Bg6+ 32. f5 Bf7 33. Kf4 Ke7 34. h4 Kd7 35. g5 c5 36. Bf6 a6 37. Ke5 b5 38. cxb5 axb5 39. Bg7 c4 40. bxc4 bxc4 41. Kd4 Kc6 42. a4 Kb6 43. h5 Bxh5 44. Kxc4 Bf7+ 45. Kd4 Ka5 46. Ke5 Kxa4 47. Kf6 Bc4 48. g6 hxg6 49. fxg6 Bd3 50. Kg5 Bxg6 1/2-1/2

[Event "World Corporate East C"]
[Site "Chess.com INT"]
[Date "2021.02.19"]
[Round "2.5"]
[White "Afraoui, Solenn"]
[Black "Ferrara, Valeria"]
[Result "1-0"]
[WhiteElo "1889"]
[BlackElo "1382"]
[PlyCount "47"]
[EventDate "2021.02.19"]
[EventType "team (rapid)"]
[EventRounds "7"]
[EventCountry "USA"]
[SourceTitle "EXT 2022"]
[Source "ChessBase"]
[SourceDate "2021.10.06"]
[SourceVersion "1"]
[SourceVersionDate "2021.10.06"]
[SourceQuality "1"]
[WhiteTeam "Societe Generale"]
[BlackTeam "Indra Sistemas"]
[WhiteTeamCountry "FRA"]
[BlackTeamCountry "ESP"]

1. e4 e5 2. Nf3 Nc6 3. Nc3 Nf6 4. g3 Be7 5. Bg2 0-0 6. 0-0 d6 7. h3 Be6 8. d3 d5 9. Ng5 h6 10. Nxe6 fxe6 11. Qe2 d4 12. Nb1 Na5 13. Nd2 c5 14. Nf3 Nc6 15. Bd2 b5 16. Nh4 Nd7 17. Qg4 Rf6 18. f4 Qf8 19. f5 exf5 20. Nxf5 Qf7 21. Nxh6+ Rxh6 22. Rxf7 Kxf7 23. Bxh6 gxh6 24. Qxd7 1-0

[Event "World Corporate East C"]
[Site "Chess.com INT"]
[Date "2021.02.19"]
[Round "3.3"]
[White "Kabanova, Ekaterina"]
[Black "Afraoui, Solenn"]
[Result "1-0"]
[WhiteElo "2138"]
[BlackElo "1889"]
[PlyCount "53"]
[EventDate "2021.02.19"]
[EventType "team (rapid)"]
[EventRounds "7"]
[EventCountry "USA"]
[SourceTitle "EXT 2022"]
[Source "ChessBase"]
[SourceDate "2021.10.06"]
[SourceVersion "1"]
[SourceVersionDate "2021.10.06"]
[SourceQuality "1"]
[WhiteTeam "Gazprom"]
[BlackTeam "Societe Generale"]
[WhiteTeamCountry "RUS"]
[BlackTeamCountry "FRA"]

1. c4 Nf6 2. Nf3 e6 3. e3 b6 4. Qc2 Bb7 5. Be2 Be7 6. a3 0-0 7. b4 a5 8. bxa5 Rxa5 9. Bb2 d5 10. h4 Nbd7 11. d3 Qa8 12. Rh3 Nc5 13. Rg3 dxc4 14. Qxc4 Ra4 15. Qc2 Bd5 16. Nbd2 Rd8 17. e4 Bc6 18. Ne5 Bb5 19. Nec4 Kh8 20. h5 h6 21. Ne5 Kg8 22. Ndc4 Ra7 23. Qc1 Ncd7 24. Qxh6 Bf8 25. Nxd7 Rxd7 26. Bxf6 Bxc4 27. Rxg7+ 1-0

[Event "Cappelle Online Blitz op 1st"]
[Site "Europe Echecs INT"]
[Date "2021.01.10"]
[Round "5"]
[White "Afraoui, Solenn"]
[Black "Gourarier, Emmanuel"]
[Result "1-0"]
[WhiteElo "1889"]
[BlackElo "1463"]
[PlyCount "95"]
[EventDate "2021.01.10"]
[EventType "swiss (blitz)"]
[EventRounds "11"]
[EventCountry "FRA"]
[SourceTitle "CBM 200 Extra"]
[Source "ChessBase"]
[SourceDate "2021.03.31"]
[SourceVersion "1"]
[SourceVersionDate "2021.03.31"]
[SourceQuality "1"]

1. e4 g6 2. d4 Bg7 3. Nc3 Nf6 4. f4 0-0 5. e5 Ne8 6. Nf3 d6 7. Be3 Bg4 8. Be2 Nd7 9. Qd2 c6 10. 0-0-0 Qa5 11. Kb1 Nc7 12. h3 Bxf3 13. Bxf3 Nb5 14. Nxb5 Qxd2 15. Rxd2 cxb5 16. Bxb7 Rab8 17. Bf3 a5 18. g3 Kh8 19. h4 f6 20. h5 gxh5 21. Rxh5 fxe5 22. dxe5 Nxe5 23. Be4 Ng4 24. Rxh7+ Kg8 25. Bd4 Nf6 26. Bxf6 Bxf6 27. Rdh2 Rf7 28. Bd5 Rbf8 29. Bxf7+ Rxf7 30. Rxf7 Kxf7 31. Rh7+ Ke6 32. Rh5 Kf7 33. Rxb5 Bd4 34. Rxa5 Bf2 35. g4 Bg3 36. f5 Kf6 37. Ra4 Kg5 38. Rc4 Bf2 39. a4 Bb6 40. b4 d5 41. Rc6 Be3 42. Rg6+ Kf4 43. a5 Ke5 44. a6 d4 45. b5 d3 46. cxd3 Kd4 47. a7 Kxd3 48. a8Q 1-0